Materials Chemistry (Record no. 60776)
[ view plain ]
| 000 -LEADER | |
|---|---|
| fixed length control field | 00478nam a22001937a 4500 |
| 005 - DATE & TIME | |
| control field | 20260513115920.0 |
| 008 - FIXED-LENGTH DATA ELEMENTS--GENERAL INFORMATION | |
| fixed length control field | 260513b |||||||| |||| 00| 0 eng d |
| 020 ## - ISBN | |
| International Standard Book Number | 9783031187834 |
| Price | 17595.10 |
| 040 ## - CATALOGING SOURCE | |
| Original cataloging agency | Doon University |
| 041 ## - Language | |
| Language | English |
| 082 ## - DDC NUMBER | |
| Classification number | 620.11 |
| Book Number | FAH |
| 100 ## - MAIN ENTRY--PERSONAL NAME | |
| Personal name | Fahlman, Bradley D. |
| 245 ## - TITLE STATEMENT | |
| Title | Materials Chemistry |
| 250 ## - EDITION STATEMENT | |
| Edition statement | 4th |
| 260 ## - PUBLICATION, DISTRIBUTION, ETC. (IMPRINT) | |
| Place of publication, distribution, etc | Switzerland |
| Name of publisher, distributor, etc | Springer |
| Date of publication, distribution, etc | 2023 |
| 300 ## - PHYSICAL DESCRIPTION | |
| Pages | 902 |
| 650 ## - Subject | |
| Subject | Chemistry (PM USHA) |
| 942 ## - ADDED ENTRY ELEMENTS (KOHA) | |
| Koha item type | Books |
| 100 ## - MAIN ENTRY--PERSONAL NAME | |
| -- | 26804 |
| 650 ## - Subject | |
| -- | 26803 |
| 952 ## - LOCATION AND ITEM INFORMATION (KOHA) | |
| -- | 2026-05-13 |
| 952 ## - LOCATION AND ITEM INFORMATION (KOHA) | |
| -- | 2026-05-13 |
| Withdrawn status | Lost status | Source of classification or shelving scheme | Damaged status | Not for loan | Location (home branch) | Sublocation or collection (holding branch) | Date acquired | Koha full call number | Accession No. | Koha date last seen | Koha item type | Koha issues (times borrowed) |
|---|---|---|---|---|---|---|---|---|---|---|---|---|
| Not For Loan | Doon University | Doon University | 13.05.2026 | 620.11 FAH | 33097 | 13.05.2026 | Reference | |||||
| Doon University | Doon University | 13.05.2026 | 620.11 FAH | 33098 | 13.05.2026 | Books |